MARC

LEADER 00000nam0a2200000 4500
001 304796
005 20231102001734.0
035 |a (RuTPU)RU\TPU\book\330043 
035 |a RU\TPU\book\320660 
090 |a 304796 
100 |a 20150918d1982 k y0rusy5003 ca 
101 0 |a rus 
102 |a RU 
105 |a y z 001zy 
200 1 |a Функциональный анализ  |e межвузовский сборник  |f Ульяновский государственный педагогический институт им. И. Н. Ульянова ; под ред. А. В. Штрауса 
210 |a Ульяновск  |c Изд-во УГПИ  |d 1982 
215 |a 156 с. 
320 |a Библиогр. в конце ст. 
606 1 |a Функциональный анализ  |2 stltpush  |3 (RuTPU)RU\TPU\subj\17110  |9 42934 
610 1 |a спектральная теория 
610 1 |a операторы 
610 1 |a топология 
610 1 |a краевые задачи 
610 1 |a частные производные 
610 1 |a нелинейные уравнения 
675 |a 517.98  |z rus  |v 4 
702 1 |a Штраус  |b А. В.  |4 340 
712 0 2 |a Ульяновский государственный педагогический институт им. И. Н. Ульянова  |2 stltpush  |3 (RuTPU)RU\TPU\col\22051 
801 0 |a RU  |b 63413507  |c 19950704  |g psbo 
801 1 |a RU  |b 63413507  |c 20150523 
801 2 |a RU  |b 63413507  |c 20171005  |g RCR 
942 |c BK